00981cam a22002895i 4500999001700000001000900017003000900026005001700035008004100052020002600093020002500119040003300144082002000177245009200197264005900289264001000348300004800358336002600406337002800432338002700460504005100487650006000538653002200598655002100620700003800641942001200679 c28392d2836318573201EG-ScBUE20200322114200.0150413t20162016enka f b 001 0 eng d a9780199739646 (cloth) a9780199739653 (pbk.) aDLCbengerdacDLCdEG-ScBUE04a070.18bDOC22204aThe documentary film reader :bhistory, theory, criticism /cedited by Jonathan Kahana. 1aOxford ;aNew York :bOxford University Press,c[2016] 4cc2016 axviii, 1024 pages :billustrations ;c26 cm atextbtxt2rdacontent aunmediatedbn2rdamedia avolumebnc2rdacarrier aIncludes bibliographical references and index. 7aDocumentary filmsxHistory and criticism.2BUEsh930845 bCOMAMEcMarch2020 vText book9337281 aKahana, Jonathan,d1966-eeditor. 2ddccBB